[Event "8th Gibraltar U16-Junior 2018"]
[Site "Caleta"]
[Date "2018.08.17"]
[Round "2"]
[White "Greco, Joseph"]
[Black "Gough, Theo"]
[Result "0-1"]
[WhiteElo "1626"]
[BlackElo "1346"]
[Annotator "NA RC"]
[PlyCount "168"]
[EventDate "2018.08.17"]
[EventType "swiss"]
[EventCountry "GGB"]
[SourceTitle "playchess.com"]
[Source "ChessBase"]
[SourceQuality "1"]
[TimeControl "6600+10"]

1. Nf3 {[%emt 0:00:00]} Nf6 {[%emt 0:00:09]} 2. b3 {[%emt 0:00:45]} d5 {[%emt 0:00:45]} 3. Bb2 {[%emt 0:00:09]} c5 {[%emt 0:00:50]} 4. e3 {[%emt 0:00:51]} Nbd7 {[%emt 0:00:47]} 5. c4 {[%emt 0:00:39]} e6 {[%emt 0:00:24]} 6. Be2 {[%emt 0:05:57]} Bd6 {[%emt 0:01:39]} 7. Nc3 {[%emt 0:03:56]} O-O {[%emt 0:02:05]} 8. O-O {[%emt 0:00:38]} b6 {[%emt 0:01:35]} 9. Re1 {[%emt 0:04:03]} Bb7 {[%emt 0:01:15]} 10. Qc2 {[%emt 0:02:45]} a6 {[%emt 0:05:37]} 11. d3 {[%emt 0:04:58]} Qc7 {[%emt 0:03:47]} 12. h3 {[%emt 0:03:01]} Rad8 {[%emt 0:02:04]} 13. Rad1 {[%emt 0:02:28]} Rfe8 {[%emt 0:01:33]} 14. a4 {[%emt 0:01:48]} Ne5 {[%emt 0:02:37]} 15. Nxe5 {[%emt 0:12:14]} Bxe5 {[%emt 0:00:20]} 16. f4 {[%emt 0:01:59]} Bd6 {[%emt 0:00:40]} 17. Bf3 {[%emt 0:10:56]} d4 {[%emt 0:04:02]} 18. Bxb7 {[%emt 0:01:42]} dxc3 {[%emt 0:00:27]} 19. Bxa6 {[%emt 0:03:41]} cxb2 {[%emt 0:00:10]} 20. Qxb2 {[%emt 0:00:19]} e5 {[%emt 0:02:03]} 21. Bb5 {[%emt 0:00:44]} Re7 {[%emt 0:01:20]} 22. g3 {[%emt 0:01:53]} Qc8 {[%emt 0:03:11]} 23. Qg2 {[%emt 0:02:32]} exf4 {[%emt 0:02:04]} 24. exf4 {[%emt 0:01:30]} Qa8 {[%emt 0:05:47]} 25. Qxa8 {[%emt 0:02:01]} Rxa8 {[%emt 0:00:53]} 26. Kg2 {[%emt 0:00:28]} Raa7 {[%emt 0:02:28]} 27. Bc6 {[%emt 0:02:40]} Kf8 {[%emt 0:02:45]} 28. d4 {[%emt 0:01:30]} Rxe1 {[%emt 0:01:27]} 29. Rxe1 {[%emt 0:00:06]} cxd4 {[%emt 0:00:21]} 30. Rd1 {[%emt 0:00:52]} Bc5 {[%emt 0:01:17]} 31. b4 {[%emt 0:01:09]} Bxb4 {[%emt 0:00:30]} 32. Rxd4 {[%emt 0:00:06]} Bc5 {[%emt 0:00:21]} 33. Rd2 {[%emt 0:00:49]} Rc7 {[%emt 0:02:47]} 34. Bb5 {[%emt 0:00:32]} g6 {[%emt 0:02:29]} 35. Kf3 {[%emt 0:01:10]} Re7 {[%emt 0:00:25]} 36. Rd3 {[%emt 0:00:47]} Ne4 {[%emt 0:00:44]} 37. Rd8+ {[%emt 0:03:24]} Kg7 {[%emt 0:00:12]} 38. Re8 {[%emt 0:04:35]} Rxe8 {[%emt 0:00:31]} 39. Bxe8 {[%emt 0:00:20]} Nd2+ {[%emt 0:00:01]} 40. Ke2 {[%emt 0:00:32]} Nxc4 {[%emt 0:00:10]} 41. Kd3 {[%emt 0:00:18]} Nd6 {[%emt 0:00:48]} 42. Bd7 {[%emt 0:00:27]} f5 {[%emt 0:00:41]} 43. g4 {[%emt 0:00:33]} fxg4 {[%emt 0:00:24]} 44. hxg4 {[%emt 0:00:06]} Kf6 {[%emt 0:00:09]} 45. g5+ {[%emt 0:00:33]} Kg7 {[%emt 0:01:05]} 46. Be6 {[%emt 0:01:24]} Nf5 {[%emt 0:01:28]} 47. Ke4 {[%emt 0:01:48]} Nd4 {[%emt 0:01:02]} 48. Bc4 {[%emt 0:01:12]} Nf5 {[%emt 0:00:48]} 49. Be6 {[%emt 0:00:50]} Nd6+ {[%emt 0:01:27]} 50. Kd5 {[%emt 0:00:56]} Nf7 {[%emt 0:01:20]} 51. Ke4 {[%emt 0:00:34]} Bd6 {[%emt 0:00:42]} 52. Kf3 {[%emt 0:01:43]} Nd8 {[%emt 0:00:24]} 53. Bd5 {[%emt 0:00:19]} Nf7 {[%emt 0:01:28]} 54. Ke4 {[%emt 0:00:50]} Bc7 {[%emt 0:00:15]} 55. Be6 {[%emt 0:01:22]} Nd6+ {[%emt 0:00:21]} 56. Kd4 {[%emt 0:00:18]} Nf5+ {[%emt 0:00:47]} 57. Ke4 {[%emt 0:00:33]} Ng3+ {[%emt 0:01:09]} 58. Kf3 {[%emt 0:00:40]} Nf1 {[%emt 0:00:19]} 59. f5 {[%emt 0:01:54]} Nd2+ {[%emt 0:00:53]} 60. Ke3 {[%emt 0:00:45]} Nf1+ {[%emt 0:01:08]} 61. Kf2 {[%emt 0:00:22]} Ng3 {[%emt 0:00:11]} 62. f6+ {[%emt 0:02:20]} Kf8 {[%emt 0:00:07]} 63. Kf3 {[%emt 0:01:05]} Nf5 {[%emt 0:00:32]} 64. Ke4 {[%emt 0:00:58]} Nd6+ {[%emt 0:01:00]} 65. Kd5 {[%emt 0:00:25]} Nf7 {[%emt 0:00:18]} 66. Kc6 {[%emt 0:02:19]} Be5 {[%emt 0:00:22]} 67. Kxb6 {[%emt 0:02:48]} Nxg5 {[%emt 0:00:08]} 68. Bg4 {[%emt 0:00:19]} Bxf6 {[%emt 0:00:07]} 69. Kc5 {[%emt 0:00:32]} Bd8 {[%emt 0:00:26]} 70. Kd5 {[%emt 0:00:05]} Kg7 {[%emt 0:00:37]} 71. Kd4 {[%emt 0:00:25]} Kf6 {[%emt 0:00:10]} 72. Ke3 {[%emt 0:00:19]} Ne6 {[%emt 0:00:25]} 73. Bd1 {[%emt 0:00:51]} h5 {[%emt 0:00:16]} 74. Kf3 {[%emt 0:00:05]} Kg5 {[%emt 0:00:52]} 75. Kg3 {[%emt 0:00:10]} h4+ {[%emt 0:00:19]} 76. Kg2 {[%emt 0:00:15]} Kf4 {[%emt 0:00:06]} 77. Bb3 {[%emt 0:00:23]} Nc5 {[%emt 0:00:12]} 78. Bc2 {[%emt 0:00:07]} g5 {[%emt 0:00:06]} 79. Bd1 {[%emt 0:00:29]} g4 {[%emt 0:00:03]} 80. Kh2 {[%emt 0:00:11]} Ne4 {[%emt 0:00:32]} 81. Be2 {[%emt 0:00:22]} Bc7 {[%emt 0:00:14]} 82. Kg2 {[%emt 0:00:20]} h3+ {[%emt 0:00:15]} 83. Kg1 {[%emt 0:00:15]} Kg3 {[%emt 0:00:17]} 84. a5 {[%emt 0:00:41]} h2+ {[%emt 0:00:16]} 0-1

[Event "8th Gibraltar U16-Junior 2018"]
[Site "Caleta"]
[Date "2018.08.17"]
[Round "2"]
[White "Headlong, Benjamin"]
[Black "Dhanwani, Aryan"]
[Result "1-0"]
[WhiteElo "1597"]
[BlackElo "1169"]
[Annotator "NA RC"]
[PlyCount "115"]
[EventDate "2018.08.17"]
[EventType "swiss"]
[EventCountry "GGB"]
[SourceTitle "playchess.com"]
[Source "ChessBase"]
[SourceQuality "1"]
[TimeControl "6600+10"]

1. e4 {[%emt 0:00:00]} c6 {[%emt 0:00:09]} 2. Nc3 {[%emt 0:01:15]} d5 {[%emt 0:00:31]} 3. e5 {[%emt 0:00:56]} Bf5 {[%emt 0:00:40]} 4. Nf3 {[%emt 0:01:00]} e6 {[%emt 0:01:42]} 5. d4 {[%emt 0:00:39]} c5 {[%emt 0:01:37]} 6. Be3 {[%emt 0:00:54]} Nd7 {[%emt 0:10:18]} 7. Bb5 {[%emt 0:02:14]} c4 {[%emt 0:02:42]} 8. Bxd7+ {[%emt 0:01:06]} Qxd7 {[%emt 0:00:13]} 9. Nh4 {[%emt 0:00:11]} Bb4 {[%emt 0:06:07]} 10. Bd2 {[%emt 0:00:48]} Ne7 {[%emt 0:02:28]} 11. a3 {[%emt 0:01:04]} Ba5 {[%emt 0:01:06]} 12. Ne2 {[%emt 0:00:50]} Qb5 {[%emt 0:10:34]} 13. Bxa5 {[%emt 0:01:42]} Qxa5+ {[%emt 0:01:33]} 14. Qd2 {[%emt 0:00:27]} Qxd2+ {[%emt 0:00:19]} 15. Kxd2 {[%emt 0:00:06]} g5 {[%emt 0:00:28]} 16. Nxf5 {[%emt 0:00:31]} Nxf5 {[%emt 0:00:09]} 17. c3 {[%emt 0:00:12]} Ke7 {[%emt 0:04:07]} 18. f4 {[%emt 0:03:57]} g4 {[%emt 0:07:54]} 19. h3 {[%emt 0:02:17]} h5 {[%emt 0:01:19]} 20. hxg4 {[%emt 0:00:34]} hxg4 {[%emt 0:00:11]} 21. g3 {[%emt 0:00:47]} b5 {[%emt 0:06:06]} 22. Kc2 {[%emt 0:01:56]} Ne3+ {[%emt 0:02:53]} 23. Kd2 {[%emt 0:00:39]} Nf5 {[%emt 0:00:40]} 24. Rag1 {[%emt 0:01:12]} a5 {[%emt 0:01:22]} 25. Ke1 {[%emt 0:07:08]} Rag8 {[%emt 0:02:08]} 26. Kd1 {[%emt 0:13:32]} Rh3 {[%emt 0:07:52]} 27. Rxh3 {[%emt 0:19:46]} gxh3 {[%emt 0:00:13]} 28. Ke1 {[%emt 0:05:58]} h2 {[%emt 0:05:16]} 29. Rh1 {[%emt 0:00:55]} Nxg3 {[%emt 0:02:04]} 30. Rxh2 {[%emt 0:00:56]} Nf5 {[%emt 0:02:36]} 31. Kf2 {[%emt 0:01:47]} b4 {[%emt 0:01:42]} 32. Rh1 {[%emt 0:04:50]} b3 {[%emt 0:01:18]} 33. Rh3 {[%emt 0:01:09]} a4 {[%emt 0:01:56]} 34. Ng3 {[%emt 0:01:44]} Nxg3 {[%emt 0:00:22]} 35. Rxg3 {[%emt 0:00:05]} Rxg3 {[%emt 0:01:45]} 36. Kxg3 {[%emt 0:00:07]} f5 {[%emt 0:00:14]} 37. Kh4 {[%emt 0:01:16]} Kf8 {[%emt 0:12:49]} 38. Kh5 {[%emt 0:00:55]} Kf7 {[%emt 0:00:49]} 39. Kh6 {[%emt 0:00:22]} Kg8 {[%emt 0:01:38]} 40. Kg6 {[%emt 0:00:25]} Kh8 {[%emt 0:00:13]} 41. Kf6 {[%emt 0:00:14]} Kh7 {[%emt 0:00:22]} 42. Kxe6 {[%emt 0:00:39]} Kg6 {[%emt 0:00:16]} 43. Kd7 {[%emt 0:00:39]} Kh5 {[%emt 0:01:02]} 44. e6 {[%emt 0:00:09]} Kg4 {[%emt 0:00:09]} 45. e7 {[%emt 0:00:10]} Kxf4 {[%emt 0:00:04]} 46. e8=Q {[%emt 0:00:11]} Kf3 {[%emt 0:00:54]} 47. Qe1 {[%emt 0:00:50]} f4 {[%emt 0:00:18]} 48. Qf1+ {[%emt 0:01:25]} Ke3 {[%emt 0:00:16]} 49. Kd6 {[%emt 0:00:33]} f3 {[%emt 0:01:25]} 50. Kxd5 {[%emt 0:00:32]} Kd2 {[%emt 0:00:15]} 51. Qxf3 {[%emt 0:00:50]} Kc2 {[%emt 0:00:28]} 52. Qe2+ {[%emt 0:00:28]} Kb1 {[%emt 0:00:06]} 53. Kxc4 {[%emt 0:00:49]} Ka2 {[%emt 0:00:14]} 54. Kb4 {[%emt 0:00:29]} Kb1 {[%emt 0:00:59]} 55. Kxa4 {[%emt 0:00:29]} Ka2 {[%emt 0:00:36]} 56. c4 {[%emt 0:00:28]} Ka1 {[%emt 0:00:26]} 57. Kxb3 {[%emt 0:00:32]} Kb1 {[%emt 0:00:09]} 58. Qd1# {[%emt 0:00:22]} 1-0

[Event "8th Gibraltar U16-Junior 2018"]
[Site "Caleta"]
[Date "2018.08.17"]
[Round "2"]
[White "Guerreiro, Jose Velho"]
[Black "Harbinson, Alec Ryan"]
[Result "1-0"]
[WhiteElo "1525"]
[BlackElo "1043"]
[Annotator "NA RC"]
[PlyCount "69"]
[EventDate "2018.08.17"]
[EventType "swiss"]
[EventCountry "GGB"]
[SourceTitle "playchess.com"]
[Source "ChessBase"]
[SourceQuality "1"]
[TimeControl "6600+10"]

1. d4 {[%emt 0:00:00]} d5 {[%emt 0:00:00]} 2. c4 {[%emt 0:00:04]} e6 {[%emt 0:00:07]} 3. Nc3 {[%emt 0:00:08]} c6 {[%emt 0:00:24]} 4. c5 {[%emt 0:00:14]} Nf6 {[%emt 0:00:32]} 5. Nf3 {[%emt 0:00:18]} g6 {[%emt 0:00:49]} 6. Bg5 {[%emt 0:00:44]} Bg7 {[%emt 0:01:21]} 7. e3 {[%emt 0:00:15]} b6 {[%emt 0:00:50]} 8. b4 {[%emt 0:01:23]} Nbd7 {[%emt 0:00:51]} 9. Bd3 {[%emt 0:01:57]} Qc7 {[%emt 0:01:11]} 10. Bf4 {[%emt 0:01:09]} Qd8 {[%emt 0:01:32]} 11. O-O {[%emt 0:00:33]} O-O {[%emt 0:00:47]} 12. Bg5 {[%emt 0:03:15]} Qc7 {[%emt 0:01:11]} 13. Bf4 {[%emt 0:00:36]} Qd8 {[%emt 0:00:21]} 14. h3 {[%emt 0:00:18]} Re8 {[%emt 0:02:13]} 15. Ne5 {[%emt 0:02:24]} Nxe5 {[%emt 0:00:52]} 16. Bxe5 {[%emt 0:00:12]} Nd7 {[%emt 0:00:41]} 17. Bh2 {[%emt 0:05:47]} e5 {[%emt 0:02:01]} 18. Bc2 {[%emt 0:02:38]} exd4 {[%emt 0:03:31]} 19. exd4 {[%emt 0:00:27]} bxc5 {[%emt 0:00:24]} 20. bxc5 {[%emt 0:00:28]} Nxc5 {[%emt 0:00:39]} 21. dxc5 {[%emt 0:03:41]} Bxc3 {[%emt 0:00:14]} 22. Rb1 {[%emt 0:00:37]} Qa5 {[%emt 0:05:44]} 23. Bd6 {[%emt 0:05:04]} Qxa2 {[%emt 0:04:07]} 24. Bb3 {[%emt 0:01:34]} Qa5 {[%emt 0:01:39]} 25. Qf3 {[%emt 0:01:44]} Re1 {[%emt 0:06:54]} 26. Rfxe1 {[%emt 0:02:42]} Bxe1 {[%emt 0:00:11]} 27. Qe3 {[%emt 0:00:54]} Bc3 {[%emt 0:14:32]} 28. Qe8+ {[%emt 0:03:23]} Kg7 {[%emt 0:00:20]} 29. Qxc6 {[%emt 0:04:03]} Bf5 {[%emt 0:01:41]} 30. Qxa8 {[%emt 0:00:22]} Bxb1 {[%emt 0:01:07]} 31. Qxd5 {[%emt 0:01:11]} f5 {[%emt 0:01:52]} 32. Qf7+ {[%emt 0:01:49]} Kh6 {[%emt 0:00:15]} 33. Bf8+ {[%emt 0:02:36]} Kg5 {[%emt 0:00:23]} 34. Qe7+ {[%emt 0:00:39]} Kh5 {[%emt 0:03:33]} 35. Bd1# {[%emt 0:00:54]} 1-0

[Event "8th Gibraltar U16-Junior 2018"]
[Site "Caleta"]
[Date "2018.08.17"]
[Round "2"]
[White "Cox, Toby"]
[Black "Jain, Anushree"]
[Result "1-0"]
[WhiteElo "1479"]
[BlackElo "1006"]
[Annotator "NA RC"]
[PlyCount "43"]
[EventDate "2018.08.17"]
[EventType "swiss"]
[EventCountry "GGB"]
[SourceTitle "playchess.com"]
[Source "ChessBase"]
[SourceQuality "1"]
[TimeControl "6600+10"]

1. e4 {[%emt 0:00:00]} e5 {[%emt 0:00:09]} 2. f4 {[%emt 0:00:00]} f6 {[%emt 0:00:34]} 3. fxe5 {[%emt 0:00:00]} fxe5 {[%emt 0:00:23]} 4. Qh5+ {[%emt 0:00:03]} Ke7 {[%emt 0:02:44]} 5. Qxe5+ {[%emt 0:00:05]} Kf7 {[%emt 0:01:09]} 6. Bc4+ {[%emt 0:00:03]} d5 {[%emt 0:05:05]} 7. Bxd5+ {[%emt 0:00:06]} Kg6 {[%emt 0:01:12]} 8. Nf3 {[%emt 0:02:38]} Be7 {[%emt 0:01:45]} 9. Qg3+ {[%emt 0:00:28]} Bg5 {[%emt 0:04:58]} 10. Nxg5 {[%emt 0:01:05]} Qxg5 {[%emt 0:00:44]} 11. Bf7+ {[%emt 0:00:05]} Kf6 {[%emt 0:01:51]} 12. O-O+ {[%emt 0:00:06]} Bf5 {[%emt 0:00:51]} 13. Rxf5+ {[%emt 0:00:11]} Qxf5 {[%emt 0:00:34]} 14. exf5 {[%emt 0:00:04]} Kxf7 {[%emt 0:00:19]} 15. Qxc7+ {[%emt 0:00:04]} Ne7 {[%emt 0:00:24]} 16. Qxb7 {[%emt 0:00:21]} Nbc6 {[%emt 0:00:40]} 17. Nc3 {[%emt 0:00:31]} Rhb8 {[%emt 0:02:20]} 18. Qd7 {[%emt 0:00:30]} Re8 {[%emt 0:06:18]} 19. d3 {[%emt 0:02:01]} Kg8 {[%emt 0:03:43]} 20. Qe6+ {[%emt 0:00:33]} Kf8 {[%emt 0:03:04]} 21. f6 {[%emt 0:00:06]} gxf6 {[%emt 0:00:26]} 22. Bh6# {[%emt 0:00:04]} 1-0

[Event "8th Gibraltar U16-Junior 2018"]
[Site "Caleta"]
[Date "2018.08.17"]
[Round "2"]
[White "Manocha, Shobhin"]
[Black "Tombolis, Christopher"]
[Result "0-1"]
[WhiteElo "1461"]
[BlackElo "1900"]
[Annotator "NA RC"]
[PlyCount "96"]
[EventDate "2018.08.17"]
[EventType "swiss"]
[EventCountry "GGB"]
[SourceTitle "playchess.com"]
[Source "ChessBase"]
[SourceQuality "1"]
[TimeControl "6600+10"]

1. e4 {[%emt 0:00:00]} c5 {[%emt 0:00:00]} 2. Nf3 {[%emt 0:00:00]} Nc6 {[%emt 0:00:00]} 3. d4 {[%emt 0:00:00]} cxd4 {[%emt 0:00:00]} 4. Nxd4 {[%emt 0:00:05]} Nf6 {[%emt 0:00:02]} 5. Nc3 {[%emt 0:00:15]} d6 {[%emt 0:00:51]} 6. Nxc6 {[%emt 0:01:20]} bxc6 {[%emt 0:00:04]} 7. Be2 {[%emt 0:01:26]} g6 {[%emt 0:00:07]} 8. Be3 {[%emt 0:01:08]} Bg7 {[%emt 0:00:08]} 9. O-O {[%emt 0:00:26]} O-O {[%emt 0:00:06]} 10. h3 {[%emt 0:01:44]} Qc7 {[%emt 0:00:07]} 11. f4 {[%emt 0:00:40]} Rb8 {[%emt 0:02:45]} 12. Rb1 {[%emt 0:01:12]} Rd8 {[%emt 0:00:40]} 13. Bf3 {[%emt 0:03:29]} Ba6 {[%emt 0:01:09]} 14. Be2 {[%emt 0:03:42]} Bxe2 {[%emt 0:00:33]} 15. Qxe2 {[%emt 0:00:18]} d5 {[%emt 0:06:17]} 16. e5 {[%emt 0:06:20]} d4 {[%emt 0:06:57]} 17. exf6 {[%emt 0:04:24]} exf6 {[%emt 0:00:10]} 18. Bd2 {[%emt 0:06:41]} dxc3 {[%emt 0:00:24]} 19. Bxc3 {[%emt 0:01:54]} f5 {[%emt 0:01:59]} 20. Bxg7 {[%emt 0:06:37]} Kxg7 {[%emt 0:00:01]} 21. Qc4 {[%emt 0:04:29]} Qb6+ {[%emt 0:00:21]} 22. Kh1 {[%emt 0:02:22]} Kg8 {[%emt 0:07:13]} 23. b3 {[%emt 0:10:04]} Rd4 {[%emt 0:00:35]} 24. Qc3 {[%emt 0:01:10]} Rbd8 {[%emt 0:00:44]} 25. Rbe1 {[%emt 0:04:42]} Qa6 {[%emt 0:00:26]} 26. a4 {[%emt 0:00:45]} Re4 {[%emt 0:08:37]} 27. Rd1 {[%emt 0:02:08]} Rde8 {[%emt 0:07:42]} 28. Qd3 {[%emt 0:06:00]} Qb6 {[%emt 0:03:03]} 29. Qc3 {[%emt 0:01:04]} Qc7 {[%emt 0:05:09]} 30. Qc5 {[%emt 0:05:36]} Re2 {[%emt 0:08:41]} 31. Qc3 {[%emt 0:03:03]} h5 {[%emt 0:08:36]} 32. Rde1 {[%emt 0:05:42]} Rxe1 {[%emt 0:02:57]} 33. Rxe1 {[%emt 0:00:08]} Re4 {[%emt 0:06:10]} 34. g3 {[%emt 0:06:12]} Qe7 {[%emt 0:01:35]} 35. Rd1 {[%emt 0:01:22]} Re2 {[%emt 0:04:25]} 36. Qxc6 {[%emt 0:03:25]} Qe3 {[%emt 0:02:49]} 37. Rg1 {[%emt 0:03:25]} h4 {[%emt 0:01:47]} 38. Rg2 {[%emt 0:07:07]} Re1+ {[%emt 0:00:53]} 39. Kh2 {[%emt 0:00:21]} hxg3+ {[%emt 0:00:42]} 40. Rxg3 {[%emt 0:00:24]} Re2+ {[%emt 0:02:01]} 41. Rg2 {[%emt 0:00:40]} Qxf4+ {[%emt 0:00:24]} 42. Kh1 {[%emt 0:00:18]} Qf1+ {[%emt 0:04:50]} 43. Kh2 {[%emt 0:00:13]} Re1 {[%emt 0:00:59]} 44. Rg3 {[%emt 0:01:46]} f4 {[%emt 0:02:47]} 45. Rg4 {[%emt 0:00:52]} Re2+ {[%emt 0:00:33]} 46. Rg2 {[%emt 0:00:04]} f3 {[%emt 0:00:34]} 47. Rxe2 {[%emt 0:00:28]} fxe2 {[%emt 0:00:35]} 48. Qe8+ {[%emt 0:00:26]} Kh7 {[%emt 0:00:02]} 0-1

[Event "8th Gibraltar U16-Junior 2018"]
[Site "Caleta"]
[Date "2018.08.17"]
[Round "2"]
[White "Dharmasena, Gavith"]
[Black "Carroll, Thomas"]
[Result "0-1"]
[WhiteElo "1433"]
[BlackElo "1965"]
[Annotator "NA RC"]
[PlyCount "60"]
[EventDate "2018.08.17"]
[EventType "swiss"]
[EventCountry "GGB"]
[SourceTitle "playchess.com"]
[Source "ChessBase"]
[SourceQuality "1"]
[TimeControl "6600+10"]

1. e4 {[%emt 0:00:00]} c5 {[%emt 0:00:00]} 2. Nf3 {[%emt 0:00:00]} d6 {[%emt 0:00:00]} 3. d4 {[%emt 0:00:08]} cxd4 {[%emt 0:00:01]} 4. Nxd4 {[%emt 0:00:04]} Nf6 {[%emt 0:00:05]} 5. Nc3 {[%emt 0:00:05]} a6 {[%emt 0:00:03]} 6. Be3 {[%emt 0:00:15]} e5 {[%emt 0:00:03]} 7. Nf3 {[%emt 0:00:45]} Be7 {[%emt 0:00:05]} 8. h3 {[%emt 0:00:36]} O-O {[%emt 0:00:15]} 9. Qd2 {[%emt 0:01:15]} h6 {[%emt 0:01:43]} 10. Be2 {[%emt 0:01:16]} Be6 {[%emt 0:00:19]} 11. O-O {[%emt 0:01:12]} Nbd7 {[%emt 0:01:20]} 12. Rfd1 {[%emt 0:01:24]} b5 {[%emt 0:00:54]} 13. a3 {[%emt 0:00:43]} Nb6 {[%emt 0:02:48]} 14. b3 {[%emt 0:02:39]} Rc8 {[%emt 0:00:21]} 15. Bd3 {[%emt 0:00:22]} Qc7 {[%emt 0:03:05]} 16. Ne2 {[%emt 0:01:21]} Nbd7 {[%emt 0:04:44]} 17. Ng3 {[%emt 0:01:05]} Rfd8 {[%emt 0:08:39]} 18. Nh4 {[%emt 0:03:54]} Nh7 {[%emt 0:06:34]} 19. Nhf5 {[%emt 0:00:31]} Bg5 {[%emt 0:02:58]} 20. Bxg5 {[%emt 0:00:19]} Nxg5 {[%emt 0:01:46]} 21. Ne7+ {[%emt 0:00:47]} Kh8 {[%emt 0:01:22]} 22. Nxc8 {[%emt 0:00:29]} Qxc8 {[%emt 0:00:16]} 23. a4 {[%emt 0:00:38]} Bxh3 {[%emt 0:03:00]} 24. axb5 {[%emt 0:00:56]} Nf6 {[%emt 0:05:53]} 25. Qe2 {[%emt 0:02:18]} Bxg2 {[%emt 0:01:29]} 26. Kxg2 {[%emt 0:05:58]} Qh3+ {[%emt 0:00:12]} 27. Kg1 {[%emt 0:00:08]} Ng4 {[%emt 0:01:46]} 28. Rd2 {[%emt 0:05:59]} Nh2 {[%emt 0:01:40]} 29. f3 {[%emt 0:02:09]} Nhxf3+ {[%emt 0:01:30]} 30. Kf2 {[%emt 0:00:36]} Qh2+ {[%emt 0:00:30]} 0-1

[Event "8th Gibraltar U16-Junior 2018"]
[Site "Caleta"]
[Date "2018.08.17"]
[Round "2"]
[White "Rayner, Hugo"]
[Black "Atara, Omeet J"]
[Result "0-1"]
[WhiteElo "1391"]
[BlackElo "1704"]
[Annotator "NA RC"]
[PlyCount "72"]
[EventDate "2018.08.17"]
[EventType "swiss"]
[EventCountry "GGB"]
[SourceTitle "playchess.com"]
[Source "ChessBase"]
[SourceQuality "1"]
[TimeControl "6600+10"]

1. e4 {[%emt 0:00:00]} d5 {[%emt 0:00:00]} 2. exd5 {[%emt 0:00:00]} Qxd5 {[%emt 0:00:04]} 3. Nc3 {[%emt 0:00:00]} Qa5 {[%emt 0:00:07]} 4. d4 {[%emt 0:00:05]} c6 {[%emt 0:01:47]} 5. Nf3 {[%emt 0:01:16]} Bf5 {[%emt 0:00:10]} 6. Be3 {[%emt 0:00:45]} e6 {[%emt 0:00:59]} 7. Bc4 {[%emt 0:02:35]} Bb4 {[%emt 0:02:58]} 8. Bd2 {[%emt 0:01:33]} Qc7 {[%emt 0:06:07]} 9. O-O {[%emt 0:00:32]} Nf6 {[%emt 0:02:25]} 10. Re1 {[%emt 0:01:18]} O-O {[%emt 0:03:26]} 11. h3 {[%emt 0:01:18]} Rd8 {[%emt 0:01:56]} 12. a3 {[%emt 0:00:48]} Be7 {[%emt 0:01:49]} 13. Be3 {[%emt 0:00:29]} Nbd7 {[%emt 0:06:30]} 14. Qd2 {[%emt 0:02:24]} Nb6 {[%emt 0:01:00]} 15. Ba2 {[%emt 0:01:29]} Nbd5 {[%emt 0:09:51]} 16. Nxd5 {[%emt 0:01:00]} cxd5 {[%emt 0:00:56]} 17. Bf4 {[%emt 0:01:57]} Qxc2 {[%emt 0:04:25]} 18. Qxc2 {[%emt 0:01:05]} Bxc2 {[%emt 0:00:00]} 19. Rac1 {[%emt 0:00:17]} Rac8 {[%emt 0:00:10]} 20. Bb8 {[%emt 0:04:21]} a6 {[%emt 0:02:52]} 21. Ba7 {[%emt 0:01:17]} Be4 {[%emt 0:09:58]} 22. Bb6 {[%emt 0:03:17]} Rf8 {[%emt 0:05:17]} 23. b4 {[%emt 0:02:08]} Nd7 {[%emt 0:03:26]} 24. Bc5 {[%emt 0:01:31]} Nxc5 {[%emt 0:02:41]} 25. bxc5 {[%emt 0:00:46]} Bf6 {[%emt 0:02:46]} 26. Red1 {[%emt 0:01:04]} Rc7 {[%emt 0:01:56]} 27. Bb1 {[%emt 0:01:00]} Bxb1 {[%emt 0:00:47]} 28. Rxb1 {[%emt 0:00:02]} Re8 {[%emt 0:01:15]} 29. Rbc1 {[%emt 0:01:39]} Rec8 {[%emt 0:00:54]} 30. a4 {[%emt 0:01:26]} b6 {[%emt 0:00:53]} 31. Rb1 {[%emt 0:00:48]} bxc5 {[%emt 0:00:06]} 32. Rdc1 {[%emt 0:00:27]} g6 {[%emt 0:01:12]} 33. dxc5 {[%emt 0:01:47]} Rxc5 {[%emt 0:00:06]} 34. Rxc5 {[%emt 0:00:36]} Rxc5 {[%emt 0:02:43]} 35. Kf1 {[%emt 0:00:23]} Rc4 {[%emt 0:00:10]} 36. Ke2 {[%emt 0:00:45]} Rxa4 {[%emt 0:00:57]} 0-1

[Event "8th Gibraltar U16-Junior 2018"]
[Site "Caleta"]
[Date "2018.08.17"]
[Round "2"]
[White "Vyas, Param"]
[Black "Shepherd, Tom"]
[Result "0-1"]
[WhiteElo "1372"]
[BlackElo "1531"]
[Annotator "NA RC"]
[PlyCount "92"]
[EventDate "2018.08.17"]
[EventType "swiss"]
[EventCountry "GGB"]
[SourceTitle "playchess.com"]
[Source "ChessBase"]
[SourceQuality "1"]
[TimeControl "6600+10"]

1. d4 {[%emt 0:00:00]} d5 {[%emt 0:00:00]} 2. Nf3 {[%emt 0:00:01]} Nf6 {[%emt 0:00:00]} 3. c4 {[%emt 0:00:04]} dxc4 {[%emt 0:00:00]} 4. Qa4+ {[%emt 0:00:05]} c6 {[%emt 0:00:34]} 5. Qxc4 {[%emt 0:00:11]} Bf5 {[%emt 0:00:06]} 6. g3 {[%emt 0:01:14]} e6 {[%emt 0:01:11]} 7. Bg2 {[%emt 0:00:16]} Be7 {[%emt 0:00:09]} 8. O-O {[%emt 0:01:27]} O-O {[%emt 0:00:21]} 9. b3 {[%emt 0:01:17]} Nbd7 {[%emt 0:00:41]} 10. Bb2 {[%emt 0:00:21]} Nb6 {[%emt 0:03:49]} 11. Qc1 {[%emt 0:00:58]} Nbd5 {[%emt 0:05:18]} 12. Nh4 {[%emt 0:07:20]} Be4 {[%emt 0:04:34]} 13. Nd2 {[%emt 0:05:33]} Bxg2 {[%emt 0:00:36]} 14. Kxg2 {[%emt 0:02:42]} Rc8 {[%emt 0:02:35]} 15. e4 {[%emt 0:11:12]} Nb4 {[%emt 0:00:48]} 16. a3 {[%emt 0:04:49]} Nd3 {[%emt 0:00:02]} 17. Qc3 {[%emt 0:00:05]} Nxb2 {[%emt 0:00:02]} 18. Qxb2 {[%emt 0:00:07]} c5 {[%emt 0:03:16]} 19. Nhf3 {[%emt 0:11:01]} cxd4 {[%emt 0:01:37]} 20. Nxd4 {[%emt 0:02:54]} Bc5 {[%emt 0:07:20]} 21. N4f3 {[%emt 0:02:10]} Qd3 {[%emt 0:04:53]} 22. Ne5 {[%emt 0:02:05]} Qd4 {[%emt 0:02:13]} 23. Ndc4 {[%emt 0:15:14]} Qxb2 {[%emt 0:00:24]} 24. Nxb2 {[%emt 0:00:19]} Bd4 {[%emt 0:00:07]} 25. Ned3 {[%emt 0:01:19]} Nxe4 {[%emt 0:01:14]} 26. Rac1 {[%emt 0:01:09]} Nd2 {[%emt 0:02:30]} 27. Rfd1 {[%emt 0:02:05]} Nxb3 {[%emt 0:01:01]} 28. Rc4 {[%emt 0:00:32]} Bxb2 {[%emt 0:03:12]} 29. Nxb2 {[%emt 0:00:08]} Rxc4 {[%emt 0:00:03]} 30. Nxc4 {[%emt 0:00:02]} Nc5 {[%emt 0:00:44]} 31. Kf3 {[%emt 0:00:47]} g6 {[%emt 0:01:21]} 32. Ke3 {[%emt 0:00:25]} Rc8 {[%emt 0:01:53]} 33. Ne5 {[%emt 0:00:18]} Kf8 {[%emt 0:01:37]} 34. Rc1 {[%emt 0:01:00]} Ke7 {[%emt 0:01:33]} 35. a4 {[%emt 0:01:40]} f6 {[%emt 0:01:51]} 36. Nd3 {[%emt 0:01:03]} b6 {[%emt 0:00:15]} 37. a5 {[%emt 0:02:16]} Kd7 {[%emt 0:00:36]} 38. axb6 {[%emt 0:00:57]} axb6 {[%emt 0:00:19]} 39. Nb4 {[%emt 0:00:37]} Ra8 {[%emt 0:01:20]} 40. Rd1+ {[%emt 0:00:48]} Kc7 {[%emt 0:00:51]} 41. Rc1 {[%emt 0:00:26]} Ra3+ {[%emt 0:01:00]} 42. Ke2 {[%emt 0:01:12]} Ra4 {[%emt 0:02:23]} 43. Rb1 {[%emt 0:02:02]} Ra3 {[%emt 0:03:11]} 44. Rc1 {[%emt 0:00:27]} Kb7 {[%emt 0:01:09]} 45. h3 {[%emt 0:01:20]} Rb3 {[%emt 0:00:33]} 46. Na2 {[%emt 0:00:35]} Rb2+ {[%emt 0:00:08]} 0-1